| 000 | 00869cam a2200289 4500 | ||
|---|---|---|---|
| 008 | 090401t1993 xxu||||| |||| 00| 0 eng d | ||
| 020 | _a0771001770 | ||
| 035 | _a(Sirsi) u70544 | ||
| 041 | _aeng | ||
| 050 | _a338.43690971 | ||
| 100 | _aStewart, Walter | ||
| 245 | _aToo big to fall: Olympia & York: the story behind the headlines. | ||
| 260 |
_aToronto _bMcClelland & Stewart Inc. _c1993 |
||
| 300 | _a335p. ; 23cm. | ||
| 350 | _a15.95 | ||
| 520 | _aCharts the rise and fall of the Reichmann family`s company Olympia & York including the development of Canary Wharf. | ||
| 650 | _aBUILDING INDUSTRY | ||
| 650 | _aCANADA | ||
| 650 | _aCANARY WHARF | ||
| 650 | _aCONSTRUCTION INDUSTRY | ||
| 650 | _aDEVELOPMENT | ||
| 650 | _aOLYMPIA AND YORK | ||
| 650 | _aREICHMANN BROTHERS | ||
| 690 | _aBUILT ENVIRONMENT | ||
| 942 | _n0 | ||
| 948 | _c04/03/1997 | ||
| 999 |
_c95338 _d95338 |
||